„Green skills“ a ich význam v aplikačnej praxi colných orgánov

V poslednom desaťročí sa environmentálne otázky stali jednou z najdôležitejších problematík v medzinárodnom spoločenstve. Prirodzene, EÚ ako jeden z najvýznamnejších obchodných blokov reflektovala na medzinárodné ambície s cieľom zachovania životného prostredia. Medzi základné ciele vytýčené v polit...

Descripción completa

Guardado en:
Detalles Bibliográficos
Autor principal: Kuko, Peter
Otros Autores: Olexová, Cecília, 1976-
Formato: Capítulo de libro
Lenguaje:eslovaco
Materias:
Etiquetas: Agregar Etiqueta
Sin Etiquetas, Sea el primero en etiquetar este registro!

MARC

LEADER 00000naa$a2200000$$$4500
001 0312742
005 20260109140021.4
041 0 |a slo 
044 |a SK 
245 1 0 |a „Green skills“ a ich význam v aplikačnej praxi colných orgánov  |c Peter Kuko, Cecília Olexová 
520 |a V poslednom desaťročí sa environmentálne otázky stali jednou z najdôležitejších problematík v medzinárodnom spoločenstve. Prirodzene, EÚ ako jeden z najvýznamnejších obchodných blokov reflektovala na medzinárodné ambície s cieľom zachovania životného prostredia. Medzi základné ciele vytýčené v politikách EÚ zaraďujeme zastavenie klimatických zmien, úbytok biodiverzity a jeho postupnú obnovu, ako aj boj proti znečisťovaniu životného prostredia. Uvedené výzvy si vyžadujú koordinovaný postup členských štátov EÚ a ich orgánov. Jedným z najúčinnejších spôsobov zabezpečujúcich kontrolu nad dovozom tovaru cez hranice je colné právo. 
610 2 0 |a ekonomika zelená 
610 2 0 |a clá 
610 2 0 |a myslenie ekologické 
610 2 0 |a inteligencia umelá 
610 2 0 |a vzdelanie 
100 1 |a Kuko, Peter 
700 1 |a Olexová, Cecília, 1976-